Представление документа в формате RUSMARC

ПолеНазваниеЗначение
  Тип записи a
  Библиографический уровень m
001 Контрольный номер RU/УОНБ/EK/485108377
005 Дата корректировки 20250520125615.4
100 Данные общей обработки __
a Данные общей обработки 20150516d1952 m y0rusy0189||||ca
101 Язык документа 0_
a Язык текста rus
102 Страна публикации __
a Страна публикации RU
105 Кодированные данные (монография) __
a Кодированные данные (монография) a z 000ay
200 Заглавие и сведения об ответственности 1_
a Заглавие Собрание сочинений
e Сведения, относящиеся к заглавию в 8 т.
f Первые сведения об ответственности И.А. Гончаров
g Последующие сведения об ответственности [подгот. текста и примеч. А.П. Рыбасова
g Последующие сведения об ответственности вступ. ст. С. Петрова]
210 Выходные данные 1_
a Место издания Москва
c Издательство Гослитиздат
d Дата издания 1952 -
215 Физическое описание __
d Формат 20 см
700 Автор _1
a Фамилия Гончаров
b Имя (инициалы) И.А.
g Полное личное имя Иван Александрович
702 Вторичная интеллектуальная ответственность _1
a Фамилия Рыбасов
b Имя (инициалы) А.П.
4 Код отношения 080
702 Вторичная интеллектуальная ответственность _1
a Фамилия Петров
b Имя (инициалы) С.
4 Код отношения 080
801 Источник записи _0
a Страна RU
b Организация Ульяновская ОНБ
c Дата составления 20150516
g Правила каталогизации RCR
801 Источник записи _1
a Страна RU
b Организация Ульяновская ОНБ
c Дата составления 20150516
g Правила каталогизации RCR
901 Тип документа __
t Тип документа v
909 Создатель записи __
a Создатель записи Богданова
938 Служебная информация __
a Имя БД retro
b Имя библиотеки УОНБ
c Имя АИБС МАРК-SQL
d Номер DOC_ID в БД 142127